Society and culture for college students : (Record no. 7601)
[ view plain ]
| 000 -LEADER | |
|---|---|
| fixed length control field | 00591nam a22001937a 4500 |
| 003 - CONTROL NUMBER IDENTIFIER | |
| control field | OSt |
| 005 - DATE AND TIME OF LATEST TRANSACTION | |
| control field | 20260120084739.0 |
| 008 - FIXED-LENGTH DATA ELEMENTS--GENERAL INFORMATION | |
| fixed length control field | 260120b |||||||| |||| 00| 0 eng d |
| 020 ## - INTERNATIONAL STANDARD BOOK NUMBER | |
| International Standard Book Number | 971-93399-1-8. |
| 040 ## - CATALOGING SOURCE | |
| Original cataloging agency | DWCL-Main lib |
| Transcribing agency | OC |
| 082 ## - DEWEY DECIMAL CLASSIFICATION NUMBER | |
| Classification number | Fil. 301 L437s 2005 |
| 100 ## - MAIN ENTRY--PERSONAL NAME | |
| Personal name | Leaño, Roman D. |
| 245 ## - TITLE STATEMENT | |
| Title | Society and culture for college students : |
| Remainder of title | a modular approach |
| Statement of responsibility, etc. | Leaño, Roman D. |
| 260 ## - PUBLICATION, DISTRIBUTION, ETC. | |
| Place of publication, distribution, etc. | Makati City : |
| Name of publisher, distributor, etc. | Mindshapers Co., Inc., |
| Date of publication, distribution, etc. | c2005. |
| 300 ## - PHYSICAL DESCRIPTION | |
| Extent | v, 322 pages ; |
| Dimensions | 25 cm. |
| 650 ## - SUBJECT ADDED ENTRY--TOPICAL TERM | |
| Source of heading or term | 1. Social sciences. |
| 650 ## - SUBJECT ADDED ENTRY--TOPICAL TERM | |
| Source of heading or term | 2. Sociology. |
| 942 ## - ADDED ENTRY ELEMENTS (KOHA) | |
| Source of classification or shelving scheme | Dewey Decimal Classification |
| Koha item type | Book-Filipiniana |
| Call number prefix | Fil. |
| Suppress in OPAC | No |
| 952 ## - LOCATION AND ITEM INFORMATION (KOHA) | |
| -- | |
| Withdrawn status | Lost status | Source of classification or shelving scheme | Damaged status | Not for loan | Home library | Current library | Shelving location | Date acquired | Source of acquisition | Cost, normal purchase price | Total Checkouts | Full call number | Barcode | Date last seen | Copy number | Price effective from | Koha item type | Uniform Resource Identifier |
|---|---|---|---|---|---|---|---|---|---|---|---|---|---|---|---|---|---|---|
| Dewey Decimal Classification | College Library | College Library | Filipiniana | 11/03/2007 | School Fund | 550.00 | Fil. 301 L437s 2005 | CL45329 | 01/20/2026 | c1 | 01/20/2026 | BK - FIL |